| 000 | 01533nam a2200193 i 4500 | ||
|---|---|---|---|
| 001 | 768714001 | ||
| 003 | CO-MdFUSB | ||
| 005 | 20221125152604.0 | ||
| 008 | 220603t1984 ck |||| |||| 00| 0 spa d | ||
| 040 |
_bspa _cCO-MdFUSB _dCO-MdFUSB |
||
| 041 | _aspa | ||
| 100 |
_aAndrèiev, Leonid, _eautor |
||
| 245 | 3 |
_aEl diario de satanás y otros cuentos _c/ Leonid Andrèiev |
|
| 300 |
_aVolumen 4, (1984) páginas 497-659 _c; 22 cm |
||
| 520 | _aCansado de la monotonía que le supone regir el Infierno, Satanás decide encarnarse en una persona y representar el papel del suplantado en que él mismo ve como una comedia: la vida. No elige a un individuo normal y corriente; sino que pone su objetivo en el adinerado Henry Wandergood, un empresario norteamericano oriundo de Illinois, de 38 años. Hizo su fortuna, valorada en tres mil millones de dólares, en la incipiente industria alimentaria. El objetivo de Satanás es divertirse haciendo lo que mejor se le da: mentir y jugar con las pasiones humanas. Para tal fin, se dirige a nada menos que a Roma, con la idea de donar toda su fortuna a la beneficencia. ¿Quién podría esperar tal acto de un empresario de éxito? Desde el principio reflexiona sobre la naturaleza del ser humano y se queja de lo simple que es su lenguaje y su propia existencia, la cual solo se mide entre el nacimiento y la muerte. | ||
| 653 | _aLiteratura Rusa | ||
| 773 | 0 |
_067924 _981130 _aOveja Negra, _o24693 _tMaestros de la literatura universal _w(CO-MdFUSB)768714001 _z8482806718 |
|
| 942 | _cBK | ||
| 999 |
_c67952 _d67952 |
||